| 000 | 00577nam a2200193Ia 4500 | ||
|---|---|---|---|
| 003 | GCL | ||
| 008 | 140319s9999 xx 000 0 eng d | ||
| 040 |
_aGCL / _cGCL |
||
| 082 | 0 | 4 |
_aVC _b791.43 _bN S |
| 100 | 1 | _aWILLIAMS, JOBETH | |
| 245 | 1 | 0 |
_aSEX LOVE AND COLD HARD CASH : ( VIDEO RECORDING ) : _bالمال والحب / _cWILLIAMS, JOBETH |
| 700 | 1 | _aGLENN, FORDAN | |
| 260 |
_a[S.N] : _bEGYPTIAN HOME ENTERTAINMENT |
||
| 300 |
_a1\2 INCH: _bCOL., ؛ _c1 FILM ( 135 MIN ) |
||
| 650 | 0 | 4 | _aMOTION PICTURES |
| 650 | 0 | 4 | _aVIDEO TAPES |
| 650 | 0 | 4 | _aDRAMA |
| 942 |
_2ddc _cVM |
||
| 999 |
_c16581 _d16581 |
||